| Tag |
First Indicator |
Second Indicator |
Subfields |
| LEADER |
00000cam a22000001i 4500 |
| 001 |
in00004085213 |
| 006 |
m |o d | |
| 007 |
cr |n||||||||| |
| 008 |
191031s2019 mau ob 001 0 eng d |
| 005 |
20250816213403.2 |
| 020 |
|
|
|a 9781614295051 (electronic bk.)
|
| 020 |
|
|
|a 1614295050 (electronic bk.)
|
| 020 |
|
|
|z 9781614294818
|
| 020 |
|
|
|z 161429481X
|
| 024 |
8 |
|
|a 99982320724
|
| 035 |
|
|
|a (NhCcYBP)ebc5897330
|
| 040 |
|
|
|a NhCcYBP
|c NhCcYBP
|d UtOrBLW
|
| 043 |
|
|
|a ac-----
|
| 050 |
|
4 |
|a BQ4570.V43
|b F38 2019
|
| 082 |
0 |
4 |
|a 294.3/5693
|2 23
|
| 245 |
0 |
4 |
|a The faults of meat :
|b Tibetan Buddhist writings on vegetarianism /
|c compiled and edited by Geoffrey Barstow.
|
| 264 |
|
1 |
|a Somerville, MA :
|b Wisdom Publications,
|c [2019]
|
| 300 |
|
|
|a 1 online resource.
|
| 336 |
|
|
|a text
|b txt
|2 rdacontent
|
| 337 |
|
|
|a computer
|b c
|2 rdamedia
|
| 338 |
|
|
|a online resource
|b cr
|2 rdacarrier
|
| 504 |
|
|
|a Includes bibliographical references and index.
|
| 588 |
|
|
|a Description based on print version record.
|
| 500 |
|
|
|a Electronic resource.
|
| 650 |
|
0 |
|a Vegetarianism
|x Religious aspects
|x Buddhism.
|
| 650 |
|
0 |
|a Buddhism
|z Tibet Region
|x History.
|
| 655 |
|
7 |
|a Electronic books.
|2 local
|
| 700 |
1 |
|
|a Barstow, Geoffrey,
|e compiler,
|e editor.
|0 http://id.loc.gov/authorities/names/n2017004392
|
| 710 |
2 |
|
|a ProQuest (Firm)
|0 http://id.loc.gov/authorities/names/n2007068018
|
| 776 |
1 |
8 |
|i Online version:
|t Faults of meat.
|d Somerville, MA : Wisdom Publications, 2019.
|z 9781614295051
|w (DLC) 2019980101
|
| 776 |
1 |
8 |
|c Original
|z 9781614294818
|z 161429481X
|w (DLC) 2019002930
|
| 856 |
4 |
0 |
|u https://ebookcentral.proquest.com/lib/tamucs/detail.action?docID=5897330
|z Connect to the full text of this electronic book
|t 0
|
| 955 |
|
|
|a YBP purchased approval e-records
|
| 980 |
|
|
|b 112.50
|g 1
|
| 987 |
|
|
|a ybp300828534
|
| 999 |
f |
f |
|s a735bac7-6328-3c17-89cd-32961ae03429
|i 3ddf1998-f60f-3003-a41f-5e8421c81d5d
|t 0
|
| 952 |
f |
f |
|a Texas A&M University
|b College Station
|c Electronic Resources
|d Available Online
|t 0
|e BQ4570.V43 F38 2019
|h Library of Congress classification
|
| 998 |
f |
f |
|a BQ4570.V43 F38 2019
|t 0
|l Available Online
|